• 首页
  • 本馆介绍
  • 公告通知
  • 最新文献
  • 馆藏检索
  • 电子资源
  • 读者导购
  • 参考咨询
  • 我的图书馆
  • 登录
  • 详细信息显示
  • 放入我的书架
  • 预约/预借图书
  • 作者相关作品
  • 分类相关作品
  • 丛书相关作品
  • 出版社相关作品

书目信息

  • 表格格式
  • 工作单格式
  • 卡片格式
题名:
数码摄像过把瘾
    
 
作者: ;爱博科研究室 编著
分册:  
出版信息: 上海   上海科学技术出版社  2004
页数: 340页
开本: 20cm
丛书名: 电脑应用魔法书丛书
单 册:
中图分类: TN948.41
科图分类:
主题词: 数字控制摄像机--基本知识
电子资源:
ISBN: 7-5323-7645-1
000 01177nam0 2200337 450
000 01140nam0 2200325 450
000 01138nam0 2200337 450
000 01084nam0 2200313 450
000 01102nam0 2200301 450
000 01065nam0 2200289 45
001 TS2006036197
005 20061209161019.35
010    @a7-5323-7645-1@dCNY25.00
100    @a20060829d2004 em y0chiy0110 ea
101 0  @achi
102    @aCN@b310000
105    @aa z 000yy
200 1  @a数码摄像过把瘾@AShu Ma She Xiang Guo Ba Yin@f爱博科研究室编著@FAi Bo Ke Yan Jiu Shi Bian Zhu
210    @a上海@c上海科学技术出版社@d2004
215    @a340页@c图@d20cm
225 2  @a电脑应用魔法书丛书
308    @a封面题:电脑应用魔法书
330    @a本书讲述了数码摄像和视频的后期处理方面的种种“魔法”技巧:如DV及其辅助件的选购、摄像时的种种技巧等。
410  0 @12001 @a电脑应用魔法书丛书
606 0  @a数字控制摄像机@x基本知识
690    @aTN948.41@v4
711 02 @a爱博科研究室@AAi Bo Ke Yan Jiu Shi@4编著
801  0 @aCN@b中图数据@c20061209
905    @a10447@dTN948.41@e220
    
    数码摄像过把瘾/爱博科研究室编著.-上海:上海科学技术出版社,2004
    340页:图;20cm.-(电脑应用魔法书丛书)
    
    
    ISBN 7-5323-7645-1:CNY25.00
    本书讲述了数码摄像和视频的后期处理方面的种种“魔法”技巧:如DV及其辅助件的选购、摄像时的种种技巧等。
●
相关链接 在E读中查询图书 在五车中查询图书 在当当中查询图书 在豆瓣中查询图书


正题名:数码摄像过把瘾     索取号:TN948.41/220         预约/预借

序号 登录号 条形码 馆藏地/架位号 状态 备注
1 0611618   206116184   第二样本阅览室/ [索取号:TN948.41/220] 在馆    
2 0611619   206116193   第三借阅区/ [索取号:TN948.41/220] 在馆    
3 0611620   206116200   第三借阅区/ [索取号:TN948.41/220] 在馆    
4 0611621   206116219   第三借阅区/ [索取号:TN948.41/220] 在馆    
5 0611622   206116228   第三借阅区/ [索取号:TN948.41/220] 在馆    
唐山师范学院图书馆 欢迎您!
大连网信软件有限公司© 版权所有